Gramineas (Poaceae) del parque nacional Tairona (Registro nro. 15785)
[ vista simple ]
| 000 -CABECERA | |
|---|---|
| Campo de control | 004010000a22001330004500 |
| 090 ## - CLASIFICACIÓN LOCAL | |
| Colección | As |
| Consecutivo | Seriadas |
| 041 0# - IDIOMA | |
| Código de idioma para texto/pista de sonido o título separado | |
| 100 1# - ASIENTO PRINCIPAL--NOMBRE PERSONAL | |
| Nombre personal | Carbono, Eduino |
| 245 10 - MENCION DE TITULO | |
| Título | Gramineas (Poaceae) del parque nacional Tairona |
| 700 1# - ASIENTO SECUNDARIO - NOMBRE PERSONAL | |
| Nombre personal | Martínez , José |
| 700 1# - ASIENTO SECUNDARIO - NOMBRE PERSONAL | |
| Nombre personal | Torrijos, Pedro |
| 773 1# - Item fuente: | |
| Título | Revista de la Asociación Colombiana de Herbarios |
| Descripción física | 4 |
| Paginas del Articulo | 19-28 |
| Lugar, editorial y fecha de publicación | 1995 |
| 942 ## - ELEMENTOS ADICIONALES (KOHA) | |
| Tipo de ítem | Artículo |
No hay ítems disponibles.